000 00489nam a2200181Ia 4500
003 OSt
005 20230508065104.0
008 210423s1992 xx 000 0 und d
040 _cAL
041 _aeng
082 _a658.4
_223
_bTYSE
100 _aTYSON (Shaun);JACKSON (Tony).
_999747
245 _aEssence of organisational behaviour.
260 _aNew Delhi
_bPHI Learning Pvt Ltd
_c1992
365 _b75
_cINR
906 _abehaviour. ; Essence ; organisational
942 _2ddc
_cBK
999 _c171382
_d171382